000 00344nam a22001577a 4500
003 SGT
020 _a9780199461851
082 _a621.34,SAD
100 _aSADIKU MATHEW,N.O.
245 _aPRINCIPLES OF ELECTROMAGNETIC
250 _a6TH
260 _aNEW DELHI
_bOXFORD
_c2018
300 _a888
650 _aELECTRONICS
942 _2ddc
_cBK
999 _c18430
_d18430